|
|
|
|
| LEADER |
00000nam a2200000 a 4500 |
| 001 |
vtls001079115 |
| 003 |
SK-MaSNL |
| 005 |
20260301000815.0 |
| 008 |
250414s1995 xo 000 0 slo |
| 015 |
|
|
|a SNBA1995/06
|
| 020 |
|
|
|a 8085182343
|q (brož.)
|
| 035 |
|
|
|a SNK000021950
|
| 035 |
|
|
|a urn:nbn:sk:snk-amlhjl
|
| 035 |
|
|
|a urn:nbn:sk:snk-am00bozi
|
| 035 |
|
|
|a D407251A-2586-44AD-BB37-164DE90D1C10
|
| 040 |
|
|
|a SNK
|b slo
|c SNK
|e AACR2
|
| 041 |
1 |
|
|a slo
|h [pol]
|
| 043 |
|
|
|a e------
|
| 044 |
|
|
|a SK
|
| 072 |
|
7 |
|a 792
|x Divadlo. Divadelné predstavenia
|2 konspekt
|
| 080 |
|
|
|a 792.97(091)(4)
|2 2001
|
| 080 |
|
|
|a (075.8)
|2 2001
|
| 100 |
1 |
|
|a Jurkowski, Henryk
|4 aut
|9 41388
|
| 245 |
1 |
0 |
|a Dejiny bábkového divadla v Európe 1
|n I.
|p (Od antiky po veľkú divadelnú reformu)
|c Henryk Jurkowski ; [preložila Emília Štercová]
|
| 246 |
3 |
0 |
|a Od antiky po veľkú divadelnú reformu
|
| 250 |
|
|
|a 1. vyd.
|
| 260 |
|
|
|a Bratislava
|b Vysoká škola múzických umení
|c 1995
|e Bratislava
|f GUPRES
|
| 300 |
|
|
|a 112 s., 10,43 AH
|c 29 cm
|
| 500 |
|
|
|a Schválil rektor VŠMU ako skriptá
|
| 500 |
|
|
|a Preložené pravdepodobne z poľštiny
|
| 650 |
0 |
7 |
|a bábkové divadlo
|2 SNKPH
|9 3309
|
| 650 |
0 |
7 |
|a Puppet theater
|2 SNKPHeng
|9 278278
|
| 650 |
0 |
7 |
|a dejiny divadla
|2 SNKPH
|9 83390
|
| 650 |
0 |
7 |
|a History of theater
|2 SNKPHeng
|9 278279
|
| 651 |
|
7 |
|a Európa
|2 SNKPgeo
|9 167569
|
| 651 |
|
7 |
|a Europe
|2 SNKPHeng
|9 56249
|
| 655 |
|
7 |
|a učebnice vysokých škôl
|2 SNKPH
|9 70191
|
| 655 |
|
7 |
|a Textbooks (higher)
|2 SNKPHeng
|9 276436
|
| 700 |
1 |
|
|a Štercová, Emília,
|d 1935-1999
|4 trl
|9 121151
|
| 710 |
2 |
|
|a Vysoká škola múzických umení v Bratislave.
|b Činoherná a bábkárska fakulta
|4 pbl
|9 76405
|
| 852 |
|
|
|a Slovenská národná knižnica
|
| 919 |
|
|
|a 80-85182-34-3
|
| 958 |
|
|
|a TL
|
| 958 |
|
|
|a UV
|
| 958 |
|
|
|a OND
|
| 999 |
|
|
|c 533552
|d 535482
|
| 952 |
|
|
|t P60, <04>, [BOOK], {604}
|a SNK
|b SNK
|y VYP
|7 0
|p 17A0139308
|o snkSB 54139/1 D1
|i snkKSP 5670/95
|0 0
|1 0
|4 0
|d 1998-07-08
|l 0
|r 2004-12-31 00:00:00
|w 2026-02-23
|
| 952 |
|
|
|a SNK
|b SNK
|y PREZ
|7 0
|p 17A0906775
|o snkSB 54139/1
|0 0
|1 0
|4 0
|d 2012-08-03
|f 1
|l 0
|r 2025-03-26 00:00:00
|w 2026-02-23
|